| 000 | 00397 a2200157 4500 | ||
|---|---|---|---|
| 005 | 20250630065626.0 | ||
| 020 | _a0-02-334401-6 | ||
| 082 | _a658.8 EVA | ||
| 100 | _aEVANS, J. R. | ||
| 245 | _aMarketing. | ||
| 250 | _a4th Ed | ||
| 260 |
_aNew York, _bMacmillan, _c1990. |
||
| 300 |
_axxix, 889p.: ill.; figure, picture, table _bGlossary & index _c24cm. |
||
| 700 | _aBERMAN, B. | ||
| 942 |
_2ddc _cBKS |
||
| 999 |
_c2663 _d2663 |
||